00701nam a2200145 a 450000100100000000500170001000800410002704000250006808200150009311101370010824500970024524601020034226000760044430000350052000002991120200930055913.0110427s1979 dr ac 000 0 spa d aDO-SdBNPbspacBNPHU axxxbC749a1 aCongreso de la Asociación Dominicana de agencias de viajes de la República Dominicana.n(5to :d1979 abr. 26-29 :cPuerto Plata)10aV congreso de la Asociación Dominicana de agencias de viajes de la República Dominicana. aQuinto congreso de la Asociación Dominicana de agencias de viajes de la República Dominicana. aPuerto Plata, República Dominicana :bArtes Gráficas Ril,c[1979?]. a133 P. :bil., retr. ;c23 cm.